[Event "CZE-ch Betsys Online Blitz"]
[Site "Chess.com INT"]
[Date "2021.04.17"]
[Round "13"]
[White "Barth, Vit"]
[Black "Martikan, Jiri"]
[Result "0-1"]
[WhiteElo "1359"]
[BlackElo "1221"]
[PlyCount "76"]
[EventDate "2021.04.17"]
[EventType "swiss (blitz)"]
[EventRounds "13"]
[EventCountry "CZE"]
[SourceTitle "CBM 201 Extra"]
[Source "ChessBase"]
[SourceDate "2021.05.31"]
[SourceVersion "1"]
[SourceVersionDate "2021.05.31"]
[SourceQuality "1"]

1. d4 Nf6 2. c4 e6 3. Nc3 Bb4 4. Bd2 c5 5. dxc5 Bxc5 6. e3 Nc6 7. Nf3 0-0 8. Bd3 d5 9. cxd5 exd5 10. 0-0 Re8 11. Bb5 a6 12. Ba4 Bg4 13. h3 Bh5 14. g4 Bg6 15. Qb3 Ne4 16. Nxe4 dxe4 17. Nd4 Bxd4 18. exd4 Re7 19. Be3 b5 20. Bxb5 axb5 21. Qxb5 Nxd4 22. Rad1 Rd7 23. Qg5 Nf3+ 24. Kg2 Nxg5 25. Bxg5 Qc7 26. Bf4 Qc6 27. Rc1 Qf6 28. Be3 Rad8 29. b4 h5 30. a4 hxg4 31. hxg4 Qf3+ 32. Kg1 Qxg4+ 33. Kh2 Qh4+ 34. Kg2 Bf5 35. Rh1 Qg4+ 36. Kf1 Rd2 37. Bxd2 Rxd2 38. Ke1 Qe2# 0-1

[Event "CZE-ch Betsys Online Blitz"]
[Site "Chess.com INT"]
[Date "2021.04.17"]
[Round "9"]
[White "Sebesta, Jan2222"]
[Black "Barth, Vit"]
[Result "1-0"]
[WhiteElo "1723"]
[BlackElo "1359"]
[PlyCount "53"]
[EventDate "2021.04.17"]
[EventType "swiss (blitz)"]
[EventRounds "13"]
[EventCountry "CZE"]
[SourceTitle "CBM 201 Extra"]
[Source "ChessBase"]
[SourceDate "2021.05.31"]
[SourceVersion "1"]
[SourceVersionDate "2021.05.31"]
[SourceQuality "1"]

1. e4 d5 2. exd5 c6 3. dxc6 Nxc6 4. Nf3 Nf6 5. Be2 e6 6. 0-0 Be7 7. Nc3 0-0 8. d4 a6 9. Bg5 Nd5 10. Bxe7 Qxe7 11. Nxd5 exd5 12. Bd3 Bg4 13. c3 Rfe8 14. h3 Bh5 15. Re1 Qf6 16. g4 Bg6 17. Bxg6 Qxg6 18. Ne5 Nxe5 19. Rxe5 Rxe5 20. dxe5 Qe4 21. Qe1 Qc2 22. e6 f6 23. e7 Re8 24. Qe6+ Kh8 25. Qf7 Qg6 26. Qf8+ Rxf8 27. exf8Q# 1-0

[Event "CZE-ch Betsys Online Blitz"]
[Site "Chess.com INT"]
[Date "2021.04.17"]
[Round "4"]
[White "Zuziak, Petr"]
[Black "Barth, Vit"]
[Result "1-0"]
[WhiteElo "1797"]
[BlackElo "1359"]
[PlyCount "79"]
[EventDate "2021.04.17"]
[EventType "swiss (blitz)"]
[EventRounds "13"]
[EventCountry "CZE"]
[SourceTitle "CBM 201 Extra"]
[Source "ChessBase"]
[SourceDate "2021.05.31"]
[SourceVersion "1"]
[SourceVersionDate "2021.05.31"]
[SourceQuality "1"]

1. d4 Nf6 2. Nf3 g6 3. c4 Bg7 4. Nc3 c6 5. Bg5 0-0 6. e3 d5 7. Bd3 Bg4 8. 0-0 Nbd7 9. h3 Bxf3 10. Qxf3 Ne8 11. cxd5 cxd5 12. Qxd5 Nc7 13. Qb3 b6 14. Bc4 a5 15. a4 h6 16. Bf4 Nf6 17. Nb5 Nxb5 18. Bxb5 Ne4 19. Qd3 f5 20. f3 Nc5 21. dxc5 Qxd3 22. Bxd3 Bxb2 23. Rab1 Ba3 24. cxb6 g5 25. Bh2 Rad8 26. Bb5 Bd6 27. Bxd6 Rxd6 28. b7 Rb8 29. Bc4+ Kg7 30. Rb5 Kf6 31. Rfb1 Rd7 32. Rb6+ e6 33. Rxe6+ Kg7 34. Reb6 h5 35. R1b5 Rc7 36. Be6 Rc3 37. Bc8 Rxe3 38. Rxf5 Ra3 39. Rxg5+ Kf7 40. Rxa5 1-0